000 02444cam a2200325 i 4500
001 991012465159704336
005 20250616105803.0
008 151027s2016 enk b 001 0 eng
010 _a2015034951
020 _a9780745696461
035 _a(CaACU)4228664-01ucalg_inst
035 _a(OCoLC)40026119268
035 _a(OCoLC)931476266
_z(OCoLC)920017271
040 _aDLC
_erda
_beng
_cDLC
_dYDX
_dBDX
_dBTCTA
_dOCLCF
_dYDXCP
_dCDX
_dNhCcYME
041 _aeng
042 _apcc
050 0 0 _aLB1028.3
_b.S388857 2016
100 _aSelwyn, Neil,
_eauthor
_925420
245 1 0 _aIs technology good for education?
_c/ Neil Selwyn.
264 1 _aCambridge, UK :
_bMalden, MA :
_bPolity Press,
_c2016.
300 _ax, 178 pages ;
_c20 cm
504 _aIncludes bibliographical references and index.
505 _aDigital Technology and Educational Change — Making Education More Democratic? — Making Education More Personalized? — Making Education More Calculable? — Making Education More Commercial? — Education "Good" and the Digital – So What Needs To Change?
520 _aDigital technologies are a key feature of contemporary education. Schools, colleges and universities operate along high-tech lines, while alternate forms of online education have emerged to challenge the dominance of traditional institutions. According to many experts, the rapid digitization of education over the past ten years has undoubtedly been a ‘good thing’. Is Technology Good For Education? offers a critical counterpoint to this received wisdom, challenging some of the central ways in which digital technology is presumed to be positively affecting education. Instead Neil Selwyn considers what is being lost as digital technologies become ever more integral to education provision and engagement. Crucially, he questions the values, agendas and interests that stand to gain most from the rise of digital education. This concise, up-to-the-minute analysis concludes by considering alternate approaches that might be capable of rescuing and perhaps revitalizing the ideals of public education, while not denying the possibilities of digital technology altogether.
650 0 _aEducation
_xEffect of technological innovations on
_910125
650 0 _aEducational technology
_xEvaluation.
650 0 _aComputer-assisted instruction
_xEvaluation.
650 0 _aEducation, Higher
_xAims and objectives
_924618
942 _2lcc
999 _c4734
_d4734